000 00784cam a22002535a 4500
008
020 _a0340900989 (pbk.)
049 _aMAIN
090 _aBF121GRO
100 1 _aGross, Richard D.
245 1 0 _aPsychology :
_bthe science of mind and behaviour /
_cRichard Gross.
250 _a5th ed.
260 _aLondon :
_bHodder Arnold,
_c2005.
300 _axiii, 1007 p. :
_bill. (some col.) ;
_c28 cm. +
_e1 CD-ROM (4 3/4 in.)
500 _aPrevious ed.: London: Hodder & Stoughton, 2001.
504 _aIncludes bibliographical references.
500 _aIncludes index.
650 0 _aPsychology.
907 _a.b10211494
_b10-05-07
_c25-08-06
003
005 20230123134443.0
040 _cNUST
942 _cBOOKS
_kBF121GRO
999 _c166195
_d166195